Defining markets defining moments / (Record no. 344332)
[ view plain ]
| 000 -LEADER | |
|---|---|
| fixed length control field | 01663 a2200241 4500 |
| 020 ## - INTERNATIONAL STANDARD BOOK NUMBER | |
| International Standard Book Number | 0764553941 |
| 020 ## - INTERNATIONAL STANDARD BOOK NUMBER | |
| International Standard Book Number | 9780764553943 |
| 082 04 - DEWEY DECIMAL CLASSIFICATION NUMBER | |
| Classification number | 658.8 |
| 090 ## - LOCALLY ASSIGNED LC-TYPE CALL NUMBER (OCLC); LOCAL CALL NUMBER (RLIN) | |
| -- | 1821 |
| -- | 1821 |
| 100 1# - MAIN ENTRY--PERSONAL NAME | |
| Personal name | Meredith, Geoffrey E. |
| 245 10 - TITLE STATEMENT | |
| Title | Defining markets defining moments / |
| Statement of responsibility, etc. | Geoffrey E. Meredith. |
| 250 ## - EDITION STATEMENT | |
| Edition statement | illustrated edition ed. |
| 260 ## - PUBLICATION, DISTRIBUTION, ETC. | |
| Place of publication, distribution, etc. | [S.l.] : |
| Name of publisher, distributor, etc. | Wiley, |
| Date of publication, distribution, etc. | 2001. |
| 300 ## - PHYSICAL DESCRIPTION | |
| Extent | 384 p. ; |
| Dimensions | 25 cm. |
| 500 ## - GENERAL NOTE | |
| General note | Illustrated. |
| 500 ## - GENERAL NOTE | |
| General note | Hardcover. |
| 520 ## - SUMMARY, ETC. | |
| Summary, etc. | If you could buy a book that would predict the buying behavior of millions of people, you'd buy it, right? Defining Markets, Defining Moments explains the author's concept of cohort marketing," an extremely focused approach of generational marketingthat enables managers, salespeople, and marketing specialists to understand and predict a generation's particular attitudes, desires, preferences and buying behaviors -- even when they enter new lifestages. The book outlines the seven generational groups that are currently affecting the marketplace -- and the new ones that are emerging. And it presents new marketing models and practical advice, based on the author's experience with Fortune 500 companies, for tapping the minds, and pocketbooks, of various age groups. The text discusses key physical, socioeconomic, and emotional factors that influence a particular generation's behavior or profile." |
| 700 1# - ADDED ENTRY--PERSONAL NAME | |
| Personal name | Schewe, Charles D. |
| 700 1# - ADDED ENTRY--PERSONAL NAME | |
| Personal name | Karlovich, Janice. |
| 856 40 - ELECTRONIC LOCATION AND ACCESS | |
| Materials specified | Amazon.com |
| Uniform Resource Identifier | <a href="http://www.amazon.com/exec/obidos/ASIN/0764553941/chopaconline-20">http://www.amazon.com/exec/obidos/ASIN/0764553941/chopaconline-20</a> |
| 856 40 - ELECTRONIC LOCATION AND ACCESS | |
| Materials specified | Amazon customer reviews |
| Uniform Resource Identifier | <a href="http://www.chopac.org/cgi-bin/tools/azrev.pl?q=0764553941">http://www.chopac.org/cgi-bin/tools/azrev.pl?q=0764553941</a> |
| 942 ## - ADDED ENTRY ELEMENTS (KOHA) | |
| Institution code [OBSOLETE] | NBS |
| Koha item type | Book |
| Call number prefix | 658.8 MER |
| Withdrawn status | Lost status | Damaged status | Not for loan | Permanent Location | Current Location | Date acquired | Total Checkouts | Full call number | Barcode | Date last seen | Price effective from | Koha item type |
|---|---|---|---|---|---|---|---|---|---|---|---|---|
| Central Library (CL) | Central Library (CL) | 08/28/2013 | 658.8 MER | NBS6050 | 08/28/2013 | 08/28/2013 | Book |
